000 00450nam a2200193Ia 4500
003 OSt
005 20230427121914.0
008 210423s2011 xx 000 0 und d
020 _a70542341
040 _cAL
041 _aeng
082 _a515.7
_223
_b RUDW
100 _aRUDIN (Walter).
_994006
245 _aReal complex analysis.
250 _a3
260 _aNew Delhi
_bTata McGraw-hill
_c2011
300 _axiv,416
_bPB
942 _2ddc
_cBK
999 _c161200
_d161200